000 01549namaa22003251i 4500
003 EG-GICUC
005 20260505132036.0
008 260505s2004 ua ||||jr|||| 000 0 ara d
017 _a2004 / 2897
_bدار الكتب والوثائق القومية(مصر)
020 _a977609239
040 _aEG-GiCUC
_bara
_cEG-GiCUC
_dEG-GiCUC
_erda
082 0 4 _221
_a212.7
_bQ11mad
092 0 4 _221
_a212.7
_bQ11mad
099 _a212.7 Q11mad
100 1 _aابن قيم الجوزية، شمس الدين أبو عبدالله محمد بن أبي بكر،
_d1292-1350
_eمؤلف.
245 1 _aمدارج السالكين بين منازل إياك نعبد وإياك نستعين /
_cللإمام العلامة أبى عبد الله محمد ابن بكر بن أيوب ابن قيم الجوزية ؛ صححه وخرج أحاديثه محمد عبد الله
264 _aالقاهرة (مصر) :
_bدار التقوى،
_c2004
300 _a؛ 2 مجلد
_b.
_c24 سم
336 _2rdacontent
_atext
337 _2rdamedia
_aUnmediated
338 _2rdacarrier
_avolume
504 _aيشتمل على ارجاعات ببليوجرافية
541 _aد. جابر عصفور ؛
_bالقاهرة ؛
_cإهداء ؛
_d2024.
650 1 7 _aالحياة الدينية (الاسلام)
_vالاعمال الاولية حتى 1800
_2qrmak
650 1 7 _aالفقه الاسلامى
_vالاعمال الاولية حتى1800
_2qrmak
651 1 _2qrmak
700 1 _aعبد الله، محمد
905 _aHuda
942 _2ddc
_cBK
_e21
_n0
999 _c179996
_d179996